- Tecnología de la información
Entry Materia
Number of records used in: 113
001 - NÚMERO DE CONTROL DEL REGISTRO
- campo de control: 4816
003 - IDENTIFICADOR DE NUMERO DE CONTROL
- campo de control: UPN
005 - FECHA Y HORA DE LA ÚLTIMA TRANSACCIÓN
- campo de control: 20220530130351.0
008 - DATOS DE LONGITUD FIJA
- campo de control de longitud fija: nabaccnnaabn|||||||||| b |nc|||||d
035 ## - NÚMERO DE CONTROL DEL SISTEMA
- Número de control del sistema: UPN10000004816
040 ## - FUENTE DE LA CATALOGACIÓN
- Lengua de catalogación: SPA
- Agencia de transcripción: UPN
- Centro catalogador de origen: UPN
046 ## - FECHAS CON CODIFICACIÓN ESPECIAL
- Fecha final para contenidos agregados: 220530
053 #4 - NÚMERO CLASIFICADOR - BIBLIOTECA DEL CONGRESO (LC)
- Elemento numérico de la clasificación - Número único o no. inicial del rango: HC79 I5.5
053 #4 - NÚMERO CLASIFICADOR - BIBLIOTECA DEL CONGRESO (LC)
- Elemento numérico de la clasificación - Número único o no. inicial del rango: HD30.2
053 #4 - NÚMERO CLASIFICADOR - BIBLIOTECA DEL CONGRESO (LC)
- Elemento numérico de la clasificación - Número único o no. inicial del rango: T58.5
- Elemento numérico de la clasificación - Número único o no. final del rango: T58.64
150 ## - ENCABEZAMIENTO - TEMÁTICO
- Término de materia o nombre geográfico como elemento inicial: Tecnología de la información
360 ## - REFERENCIA COMPLEJA DE VÉASE ADEMÁS - MATERIA
- Texto explicativo: Véase también como subdivisión bajo nombres de órganos corporativos, bajo disciplinas, tipos de industrias, servicios y organizaciones, ej.
- Encabezamiento al que se remite: BIBLIOTECAS - TECNOLOGIA DE LA INFORMACION
670 ## - FUENTE EN LA QUE SE LOCALIZARON DATOS
- Cita de la fuente: LC
- Información localizada: Information technology
680 ## - NOTA GENERAL CON DESPLIEGUE PÚBLICO
- Texto explicativo: Aquí se asientan las obras que tratan sobre el procesamiento, almacenamiento y difusión de la información gráfica, textual, numérica y verbal a través de la microelectrónica, la informática y las telecomunicaciones
902 ## - CATALOGADOR
- Catalogador: MEEG/070906
